[Event "RSA-chT U14"]
[Site "Cape Town"]
[Date "2016.01.05"]
[Round "4.10"]
[White "Marketos, Ricky"]
[Black "Parthiephal, Dayaan"]
[Result "1/2-1/2"]
[WhiteElo "1183"]
[BlackElo "1225"]
[PlyCount "48"]
[EventDate "2016.01.04"]
[EventType "team-tourn"]
[EventRounds "7"]
[EventCountry "RSA"]
[SourceTitle "CBM 170 Extra"]
[Source "ChessBase"]
[SourceDate "2016.02.25"]
[SourceVersion "1"]
[SourceVersionDate "2016.02.25"]
[SourceQuality "1"]
[WhiteTeam "Johannesburg Metro"]
[BlackTeam "Ethekwini"]
[WhiteTeamCountry "RSA"]
[BlackTeamCountry "RSA"]

1. d4 Nf6 2. c4 e6 3. Nc3 Bb4 4. Bd2 c6 5. a3 Bxc3 6. Bxc3 d5 7. e3 0-0 8. Nf3 Re8 9. Bd3 Nbd7 10. 0-0 dxc4 11. Bxc4 Ne4 12. Qc2 Ndf6 13. Rad1 Nxc3 14. Qxc3 Nd5 15. Bxd5 exd5 16. Qd3 Bg4 17. Rde1 Bxf3 18. gxf3 Qg5+ 19. Kh1 Re6 20. Rg1 Qh5 21. e4 Rd8 22. e5 Rh6 23. Rg2 Re6 24. Reg1 Rg6 1/2-1/2